| 000 | 02244nam a22003017a 4500 | ||
|---|---|---|---|
| 999 |
_c20272 _d20272 |
||
| 005 | 20201207103320.0 | ||
| 008 | 201207b ||||| |||| 00| 0 eng d | ||
| 020 | _a978-1-975076-44-3 (paperback) | ||
| 020 | _a 978-1-951693-23-7 (digital) | ||
| 020 | _a978-1-975076-45-0 (hardcover) | ||
| 040 |
_aCUZ _beng _cCUZ _erda |
||
| 100 | 1 |
_aSpielman, Rose M. _eAuthor |
|
| 245 | 1 | 0 |
_aPsychology - 2e / _cRose M. Spielman; William J. Jenkins; Marilyn D. Lovett. |
| 264 |
_a[Place of publication not identified] : _bOpen stax, _c©2020 |
||
| 300 | _a1 online resource | ||
| 336 |
_2rdacontent _atext _btxt |
||
| 337 |
_2rdamedia _acomputer _bn |
||
| 338 |
_2rdacarrier _aonline resource _bnc |
||
| 520 | _aPsychology - 2e is designed to meet scope and sequence requirements for the single-semester introduction to psychology course. The book offers a comprehensive treatment of core concepts, grounded in both classic studies and current and emerging research. The text also includes coverage of the DSM-5 in examinations of psychological disorders. Psychology incorporates discussions that reflect the diversity within the discipline, as well as the diversity of cultures and communities across the globe. The second edition contains detailed updates to address comments and suggestions from users. Significant improvements and additions were made in the areas of research currency, diversity and representation, and the relevance and recency of the examples. Many concepts were expanded or clarified, particularly through the judicious addition of detail and further explanation where necessary. Finally, the authors addressed the replication issues in the psychology discipline, both in the research chapter and where appropriate throughout the book. | ||
| 650 |
_2Psychology _aTextbook |
||
| 650 |
_2Social Sciences _aTextbook |
||
| 700 | 1 |
_aJenkins, William J. _eSenior contributing author |
|
| 700 | 1 |
_a Lovett, Marilyn D. _eSenior contributing author |
|
| 856 |
_3PDF _uhttp://solr.bccampus.ca:8001/bcc/file/8ddf544c-04ba-44c2-9e8e-6cf1ce82b4ce/1/OTB129-02-Psychology-2e.pdf _zconnect to resource |
||
| 856 |
_3website _uhttps://openstax.org/details/books/psychology-2e _zaccess online |
||
| 942 |
_2lcc _cEBOOK |
||